Communes de la Meurthe-et-Moselle (54) de plus de 10000 habitants - Statistiques

Statistiques générales
  • Ce quiz a été pris 76 fois
  • Le résultat moyen est 7 sur 11
Statistiques - réponses
Habitants Communes % Correct
104387 (préfecture) Nancy
100%
17920 Lunéville
83%
15570 Toul
83%
15492 Longwy
75%
29697 Vandœuvre-lès-Nancy
75%
15126 Laxou
69%
14383 Pont-à-Mousson
69%
10014 Maxéville
56%
14938 Villers-lès-Nancy
56%
10100 Saint-Max
44%
10086 Villerupt
23%
Aucun quiz correspondant
Distribution des résultats
% des personnes avec chaque résultat
Percentile par nombre de réponses
Votre historique - résultats
Vous n’avez pas pris ce quiz